Poesía y arte de los arabes en España y Sicilia
Guardado en:
| Autor principal: | |
|---|---|
| Formato: | Libro |
| Lenguaje: | Undetermined |
| Publicado: |
México, Distrito Federal
Centauro
1944
|
| Materias: | |
| Etiquetas: |
Agregar Etiqueta
Sin Etiquetas, Sea el primero en etiquetar este registro!
|
MARC
| LEADER | 00000nam a2200000Ia 4500 | ||
|---|---|---|---|
| 008 | 170316s9999 xx 000 0 und d | ||
| 040 | |a cru BVZT | ||
| 090 | |a 800-A S-1p | ||
| 100 | |a Schack, Adolfo Federico de | ||
| 245 | |a Poesía y arte de los arabes en España y Sicilia |c / Adolfo Federico de Schack | ||
| 260 | |a México, Distrito Federal |b Centauro |c 1944 | ||
| 300 | |a 474 páginas | ||
| 650 | |a OTRAS LITERATURAS |9 193 | ||
| 650 | |a LITERATURA ARABE | ||
| 999 | |c 19833 |d 19833 | ||
| 942 | |c 15 D |h 800-A S-1p |2 z | ||
